000 00492nam a2200181Ia 4500
005 20250508154730.0
008 008 250505s9999 xx 000 0 eng d
037 _aTextual
040 _aFEDL
_beng
_cFEDL
041 _aeng
_2eng
084 _a909, DUT
_qFEDL
100 _aDutt Dev Raj
_9765964
245 0 _aOutline of world civilization
260 _aNew Delhi, India
_bArya Book Depot
_c1965
300 _a282p.
942 _cTEXL
_h909, DUT
999 _c1351851
_d1351851